000 01231nam a22002537i 4500
003 URS
005 20240416181801.0
008 200302b ||||| |||| 00| 0 eng d
050 0 0 _aHQ 772
_bEv1 2015
100 1 _aEvagelista, Ronalyn B.
245 1 0 _aDevelopment, Validation And Acceptability of Modules in Biology For Grade 7 Students/
_cEvagelista, Ronalyn B. Christian M. Banzales Emelyn M. Ganzan
260 _c2015
300 _axi, 93 leaves:
_billustrations,
_c28 cm.
336 _2rdacontent
_atext
337 _2rdamedia
_aunmediated
338 _2rdacarrier
_avolume
502 _aUndergraduate Study Thesis
_bBachelor of Secondary Education Major in Biological Science
_cUniversity of Rizal System
_d2015
520 _aThis study aimed to Develop, validate and Determine the level of effectiveness of biology moduleswhich served as supplementary instructional material for the Students.This study was conducted during the School year 2013-2014 at Montalban Heights National High School
650 0 _aChildren--Care and hygiene.
700 _aChristian M. Banzales
700 _aEmelyn M. Ganzan
856 _3Online Request for Student Unpublished Works
_uhttps://forms.gle/7LqvGGkaDrUQqz429
942 _2lcc
_cT
999 _c77654
_d77653